zpět

Detail výsledku týmu

Pěkná brynda ST, Beroun

Datum a čas kvízu

12 Celkem bodů Celkový počet nahraných bodů na tomto kvízu bez doplňovacích otázek.
4. Pořadí na kvízu Konečné umístění týmu na tomto kvízu.

Zaznamenané odpovědi

# Otázka Odpověď Body Výsledky
1. Na sociálních sítích se minulý... v Pardubicích 0
2. V uplynulém týdnu odstartovala... Donald Trump 0
3. V pátek večer ovládl udílení f... Cate Blanchettová 0
4. V pondělí představila společno... příchuť vesmíru 0
5. Jak se jmenuje tenista, který... Jiří Veselý 1
6. Začneme z našeho pohledu nejzn... Bylo mu 38 let. (Uznáváme 36–40 let.) 1
7. Na Adolfa Hitlera bylo spáchán... Stauffenberg 0
8. Mehmet Ali Ağca [ádža] je ture... D 0
9. Jak se jmenoval jediný novodob... Alois Rašín 0
10. Poslední bod tohoto tématu roz... Bénazír Bhuttová, Pákistán 0